000 00492nam a22001937a 4500
003 MPLRDC
005 20220104124628.0
008 210129b ||||| |||| 00| 0 eng d
020 _a978-7-80206-499-7
082 _a802.35 ZCC
100 _a张长春 编写
245 _a中国成语故事
_c
250 _a一版一刷
260 _a中国
_b光明日报出版社
_c2007
300 _b228
490 _a中外名著榜中榜: 第12辑
650 _a成语
942 _cBK
_o802.35 ZCC
999 _c20869
_d20859